Statistics for World Landmarks - Europe

Click here to take the quiz!

General Stats

  • This quiz has been taken 34 times
  • The average score is 8 of 18

Answer Stats

Answer% Correct
Stonehenge
97%
Louvre Museum
91%
The Matterhorn
78%
Notre-Dame Cathedral
72%
Pantheon
69%
Trevi Fountain
63%
Buckingham Palace
59%
Palace of Versailles
59%
The Duomo
41%
The Guggenheim Museum
38%
Basilica of the Sagrada Familia
28%
Acropolis
19%
Doge's Palace
19%
Hungarian Parliament Building
16%
Pena Palace
13%
Helsinki Cathedral
6%
St Patrick's Catherdral
6%
Kyiv Pechersk Lavra
3%

Score Distribution

Percentile by Number Answered

Percent of People with Each Score

Your Score History

You have not taken this quiz